Předsednictví Rady EU : příběh půlstoletí /

Main Author: Kaniok, Petr, 1978-
Language: Czech
Published: Brno : Masarykova univerzita, Mezinárodní politologický ústav, 2008
Edition: 1. vyd.
Series: Monografie ; sv. 22
Subjects:
Online Access: Digitalizovaný dokument
Physical Description: 173 s. ; 21 cm
Book
Saved in:
LEADER 01724nam a2200433 a 4500
001 nkc20091855254
003 CZ PrNK
005 20090527152259.0
007 ta
008 090206s2008 xr f 000 0 cze
015 |a cnb001855254 
020 |a 978-80-210-4765-5  |q (brož.) 
035 |a (OCoLC)320226953 
040 |a ABA001  |b cze 
072 7 |a 341  |x Mezinárodní právo  |2 Konspekt  |9 16 
080 |a [341.171:328.131](4)  |2 MRF 
080 |a (048.8)  |2 MRF 
100 1 |a Kaniok, Petr,  |d 1978-  |7 ola2004235530  |4 aut 
245 1 0 |a Předsednictví Rady EU :  |b příběh půlstoletí /  |c Petr Kaniok 
246 1 8 |a Předsednictví Rady EU - příběh půlstoletí 
250 |a 1. vyd. 
260 |a Brno :  |b Masarykova univerzita, Mezinárodní politologický ústav,  |c 2008 
300 |a 173 s. ;  |c 21 cm 
490 1 |a Monografie ;  |v sv. 22 
500 |a 400 výt. 
504 |a Obsahuje bibliografii a bibliografické odkazy 
610 2 7 |a Evropská unie.  |b Rada  |7 ko2003198508  |2 czenas 
650 0 7 |a předsednictví v Radě Evropské unie  |7 ph257878  |2 czenas 
650 0 9 |a European Union Council presidency  |2 eczenas 
655 7 |a studie  |7 fd133597  |2 czenas 
655 9 |a studies  |2 eczenas 
810 2 |a Masarykova univerzita.  |b Mezinárodní politologický ústav.  |t Monografie  |0 s 
856 4 1 |u http://www.digitalniknihovna.cz/mzk/uuid/uuid:232656f0-d79d-11e4-8565-005056827e52  |y Digitalizovaný dokument  |x NDK 
910 2 |a BOA001  |b 2-1221.121 
990 |a BK 
995 |a 01 
991 |b 200904  |c NOV 
996 6 |b 2610373619  |c 2-1221.121  |l MZK  |r Sklad / do 1 hodiny  |n 4  |p p.v.  |w 000933808  |u 000010  |a 1  |e BOA001  |j MZK50  |s P 
996 7 |b 2610373620  |c 2-1221.121  |l MZK  |r Sklad / do 1 hodiny  |n 35  |p p.v.  |w 000933808  |u 000020  |a 1  |e BOA001  |j MZK50  |s A